Geography Quiz

Random Geography or City Quiz

Florida Cities (1830-2010) Quiz Stats

 Plays Quiz Updated Oct 29, 2019

Score 0/168 Timer 13:00
9 Plays Today
Census City % Correct
1930Miami
98.4%
1940Miami
98.4%
1950Miami
98.4%
1960Miami
98.4%
1980Miami
98.4%
1990Miami
98.4%
2000Miami
98.4%
2010Miami
98.4%
1920Miami
98.4%
1910Miami
98.4%
1970Miami
98.4%
1990Orlando
93.6%
1980Orlando
93.6%
2000Orlando
93.6%
2010Orlando
93.6%
1970Orlando
93.6%
1940Orlando
93.6%
1930Orlando
93.6%
1920Orlando
93.7%
1890Orlando
93.6%
1960Orlando
93.6%
1950Orlando
93.6%
1930Tampa
91.2%
1950Tampa
91.2%
1940Tampa
91.2%
1960Tampa
91.2%
1970Tampa
91.2%
1980Tampa
91.2%
1990Tampa
91.2%
2000Tampa
91.2%
2010Tampa
91.2%
1920Tampa
91.3%
1920West Tampa
91.3%
1910Tampa
91.2%
1910West Tampa
91.3%
1900Tampa
91.2%
1890Tampa
91.3%
1910Jacksonville
90%
1920Jacksonville
90%
1930Jacksonville
90%
1940Jacksonville
90%
1950Jacksonville
90%
1960Jacksonville
90%
1970Jacksonville
90%
1980Jacksonville
90%
1990Jacksonville
90%
2000Jacksonville
90%
2010Jacksonville
90%
1900Jacksonville
90%
1890Jacksonville
90%
1880Jacksonville
90%
1870Jacksonville
90%
1860Jacksonville
90%
1850Jacksonville
90%
1990Tallahassee
85.7%
2000Tallahassee
85.7%
Census City % Correct
2010Tallahassee
85.7%
1970Tallahassee
85.7%
1910Tallahassee
85.7%
1890Tallahassee
85.7%
1880Tallahassee
85.7%
1870Tallahassee
85.7%
1860Tallahassee
85.7%
1850Tallahassee
85.7%
1840Tallahassee
85.7%
1920St. Petersburg
71.2%
1960St. Petersburg
71.2%
1970St. Petersburg
71.2%
1980St. Petersburg
71.2%
1990St. Petersburg
71.2%
2000St. Petersburg
71.2%
2010St. Petersburg
71.2%
1950St. Petersburg
71.2%
1940St. Petersburg
71.2%
1930St. Petersburg
71.2%
1970Fort Lauderdale
70.1%
1980Fort Lauderdale
70.1%
1990Fort Lauderdale
70.1%
2000Fort Lauderdale
70.1%
2010Fort Lauderdale
70.1%
1960Fort Lauderdale
70.1%
1950Fort Lauderdale
70.1%
1930Key West
55.8%
1920St. Augustine
55.8%
1920Key West
55.8%
1910Key West
55.8%
1910St. Augustine
55.8%
1900Key West
55.8%
1890Key West
55.8%
1890St. Augustine
55.8%
1880Key West
55.8%
1870Key West
55.8%
1860St. Augustine
55.8%
1860Key West
55.8%
1850St. Augustine
55.8%
1850Key West
55.8%
1900St. Augustine
55.8%
1880St. Augustine
55.8%
1870St. Augustine
55.8%
1840St. Augustine
55.8%
1830St. Augustine
55.8%
1840Key West
55.7%
1910Gainesville
49%
1900Gainesville
49%
1870Gainesville
49%
1950Pensacola
47.5%
1910Pensacola
47.5%
1960Pensacola
47.5%
1940Pensacola
47.5%
1930Pensacola
47.5%
1920Pensacola
47.5%
1900Pensacola
47.5%
Census City % Correct
1890Pensacola
47.5%
1880Pensacola
47.5%
1870Pensacola
47.5%
1860Pensacola
47.5%
1850Pensacola
47.5%
1940Daytona Beach
43.5%
1930Daytona Beach
43.5%
1960West Palm Beach
41.9%
1950West Palm Beach
41.9%
1940West Palm Beach
41.9%
1930West Palm Beach
41.9%
1920West Palm Beach
41.9%
1980Hialeah
38%
1970Hialeah
38%
1960Hialeah
38%
1990Hialeah
38%
2000Hialeah
38%
2010Hialeah
38%
1980Clearwater
34.1%
1990Clearwater
34.1%
1960Miami Beach
33.7%
1940Miami Beach
33.7%
1980Miami Beach
33.7%
1970Miami Beach
33.7%
1950Miami Beach
33.7%
1980Hollywood
32.8%
1990Hollywood
32.8%
2000Hollywood
32.8%
1970Hollywood
32.8%
1900Ocala
30.4%
1890Ocala
30.4%
2010Port St. Lucie
29.1%
1950Lakeland
22%
1940Lakeland
22%
1930Lakeland
22%
2000Pembroke Pines
18.8%
2010Pembroke Pines
18.8%
1910Lake City
12.8%
1900Lake City
12.8%
1880Lake City
12.8%
1900Palatka
7.1%
1890Palatka
7.1%
1880Palatka
7.1%
1880Apalachicola
6.4%
1870Apalachicola
6.4%
1860Apalachicola
6.4%
1900Fernandina
6.4%
1890Fernandina
6.4%
1880Fernandina
6.4%
1870Fernandina
6.4%
1860Fernandina
6.4%
1880Milton
4.6%
1860Milton
4.6%
1870Monticello
4%
1860Monticello
4%
1870Lake Butler
3.2%

You're not logged in!

Compare scores with friends on all Sporcle quizzes.
OR
Log In

Sporcle TV

Today on Sporcle TV


Watch our educational content, quiz creation guides, and fun videos on Sporcle TV.

Show Comments

Extras

Top Quizzes Today


Score Distribution

Your Account Isn't Verified!

In order to create a playlist on Sporcle, you need to verify the email address you used during registration. Go to your Sporcle Settings to finish the process.

Report this User

Report this user for behavior that violates our Community Guidelines.

Details: